<?xml version="1.0" encoding="UTF-8"?>
<record
    xmlns:xsi="http://www.w3.org/2001/XMLSchema-instance"
    xsi:schemaLocation="http://www.loc.gov/MARC21/slim http://www.loc.gov/standards/marcxml/schema/MARC21slim.xsd"
    xmlns="http://www.loc.gov/MARC21/slim">

  <leader>02398nam a2200481 i 4500</leader>
  <controlfield tag="001">nkc20253697889</controlfield>
  <controlfield tag="003">CZ PrNK</controlfield>
  <controlfield tag="005">20260512145338.0</controlfield>
  <controlfield tag="007">ta</controlfield>
  <controlfield tag="008">250915s2025    xr a   g 6    000 1 czed </controlfield>
  <datafield tag="015" ind1=" " ind2=" ">
    <subfield code="a">cnb003697889</subfield>
  </datafield>
  <datafield tag="020" ind1=" " ind2=" ">
    <subfield code="a">978-80-275-2525-6</subfield>
    <subfield code="q">(bro&#x17E;ov&#xE1;no)</subfield>
  </datafield>
  <datafield tag="035" ind1=" " ind2=" ">
    <subfield code="a">(OCoLC)1559932626</subfield>
  </datafield>
  <datafield tag="040" ind1=" " ind2=" ">
    <subfield code="a">ABG001</subfield>
    <subfield code="b">cze</subfield>
    <subfield code="d">ABA001</subfield>
    <subfield code="e">rda</subfield>
  </datafield>
  <datafield tag="041" ind1="1" ind2=" ">
    <subfield code="a">cze</subfield>
    <subfield code="h">jpn</subfield>
  </datafield>
  <datafield tag="072" ind1=" " ind2="7">
    <subfield code="a">741.52</subfield>
    <subfield code="x">Komiksy. Komiksov&#xE9; adaptace</subfield>
    <subfield code="2">Konspekt</subfield>
    <subfield code="9">21</subfield>
  </datafield>
  <datafield tag="080" ind1=" " ind2=" ">
    <subfield code="a">741.52(0:82-32)</subfield>
    <subfield code="2">MRF</subfield>
  </datafield>
  <datafield tag="080" ind1=" " ind2=" ">
    <subfield code="a">821-9-055.3/.4</subfield>
    <subfield code="2">MRF</subfield>
  </datafield>
  <datafield tag="100" ind1="1" ind2=" ">
    <subfield code="a">Tagame, Gengoro,</subfield>
    <subfield code="d">1964-</subfield>
    <subfield code="7">xx0336152</subfield>
    <subfield code="4">aut</subfield>
    <subfield code="9">20748</subfield>
  </datafield>
  <datafield tag="240" ind1="1" ind2="0">
    <subfield code="a">Ot&#x14D;to no otto.</subfield>
    <subfield code="l">&#x10C;esky</subfield>
  </datafield>
  <datafield tag="245" ind1="1" ind2="0">
    <subfield code="a">Man&#x17E;el m&#xE9;ho bratra /</subfield>
    <subfield code="c">Gengor&#xF3; Tagame ; p&#x159;elo&#x17E;ili Anna a Igor Cimovi</subfield>
  </datafield>
  <datafield tag="250" ind1=" " ind2=" ">
    <subfield code="a">Prvn&#xED; vyd&#xE1;n&#xED;</subfield>
  </datafield>
  <datafield tag="264" ind1=" " ind2="1">
    <subfield code="a">Brno :</subfield>
    <subfield code="b">Host,</subfield>
    <subfield code="c">2025</subfield>
  </datafield>
  <datafield tag="300" ind1=" " ind2=" ">
    <subfield code="a">348 ne&#x10D;&#xED;slovan&#xFD;ch stran :</subfield>
    <subfield code="b">ilustrace ;</subfield>
    <subfield code="c">21 cm</subfield>
  </datafield>
  <datafield tag="336" ind1=" " ind2=" ">
    <subfield code="a">text</subfield>
    <subfield code="b">txt</subfield>
    <subfield code="2">rdacontent</subfield>
  </datafield>
  <datafield tag="336" ind1=" " ind2=" ">
    <subfield code="a">statick&#xFD; obraz</subfield>
    <subfield code="b">sti</subfield>
    <subfield code="2">rdacontent</subfield>
  </datafield>
  <datafield tag="337" ind1=" " ind2=" ">
    <subfield code="a">bez m&#xE9;dia</subfield>
    <subfield code="b">n</subfield>
    <subfield code="2">rdamedia</subfield>
  </datafield>
  <datafield tag="338" ind1=" " ind2=" ">
    <subfield code="a">svazek</subfield>
    <subfield code="b">nc</subfield>
    <subfield code="2">rdacarrier</subfield>
  </datafield>
  <datafield tag="500" ind1=" " ind2=" ">
    <subfield code="a">P&#x159;elo&#x17E;eno z japon&#x161;tiny</subfield>
  </datafield>
  <datafield tag="500" ind1=" " ind2=" ">
    <subfield code="a">Na ob&#xE1;lce uvedeno &#x10D;&#xED;slo 1</subfield>
  </datafield>
  <datafield tag="520" ind1="2" ind2=" ">
    <subfield code="a">Cenami ov&#x11B;n&#x10D;en&#xFD; komiksov&#xFD; p&#x159;&#xED;b&#x11B;h o kulturn&#xED;ch rozd&#xED;lech, homofobii a univerz&#xE1;ln&#xED; touze po rodin&#x11B;.</subfield>
    <subfield code="b">Rozveden&#xFD; Jai&#x10D;i vychov&#xE1;v&#xE1; dcerku Kanu, se kterou &#x17E;ije na p&#x159;edm&#x11B;st&#xED; Tokia. Jednoho dne se na jejich prahu objev&#xED; statn&#xFD; Kana&#x10F;an Mike. Jako by u&#x17E; to samo o sob&#x11B; nebyl dostate&#x10D;n&#xFD; &#x161;ok, Mike nav&#xED;c tvrd&#xED;, &#x17E;e je vdovcem po Jai&#x10D;iho dvoj&#x10D;eti Rj&#xF3;d&#x17E;im. Mike by r&#xE1;d poznal rodinu sv&#xE9;ho man&#x17E;ela a dozv&#x11B;d&#x11B;l se v&#xED;c o jeho minulosti, ale tak&#xE9; o japonsk&#xFD;ch zvyc&#xED;ch &#x10D;i gastronomii. Jai&#x10D;i se ho zprvu neochotn&#x11B; ujme a je konfrontov&#xE1;n s vlastn&#xED;mi p&#x159;edsudky. I d&#xED;ky Kan&#x11B;, kter&#xE1; si "kanadsk&#xE9;ho medv&#xED;dka" ihned obl&#xED;b&#xED;, Jai&#x10D;i zji&#x161;&#x165;uje, &#x17E;e sv&#xE9;ho bratra, s n&#xED;m&#x17E; se po jeho coming outu p&#x159;estal v&#xED;dat, t&#xE9;m&#x11B;&#x159; neznal. Nakladatelsk&#xE1; anotace. Kr&#xE1;ceno.</subfield>
  </datafield>
  <datafield tag="655" ind1=" " ind2="7">
    <subfield code="a">manga</subfield>
    <subfield code="7">fd1057492</subfield>
    <subfield code="2">czenas</subfield>
    <subfield code="9">14003</subfield>
  </datafield>
  <datafield tag="655" ind1=" " ind2="7">
    <subfield code="a">queer literatura</subfield>
    <subfield code="7">fd1230250</subfield>
    <subfield code="2">czenas</subfield>
    <subfield code="9">18889</subfield>
  </datafield>
  <datafield tag="655" ind1=" " ind2="9">
    <subfield code="a">manga</subfield>
    <subfield code="2">eczenas</subfield>
    <subfield code="9">14003</subfield>
  </datafield>
  <datafield tag="655" ind1=" " ind2="9">
    <subfield code="a">queer literature</subfield>
    <subfield code="2">eczenas</subfield>
    <subfield code="9">18890</subfield>
  </datafield>
  <datafield tag="700" ind1="1" ind2=" ">
    <subfield code="a">Cima, Anna,</subfield>
    <subfield code="d">1991-</subfield>
    <subfield code="7">xx0226998</subfield>
    <subfield code="4">trl</subfield>
    <subfield code="9">8583</subfield>
  </datafield>
  <datafield tag="700" ind1="1" ind2=" ">
    <subfield code="a">Cima, Igor,</subfield>
    <subfield code="d">1991-</subfield>
    <subfield code="7">xx0254661</subfield>
    <subfield code="4">trl</subfield>
    <subfield code="9">20749</subfield>
  </datafield>
  <datafield tag="901" ind1=" " ind2=" ">
    <subfield code="b">9788027525256</subfield>
    <subfield code="f">1. vyd&#xE1;n&#xED;</subfield>
    <subfield code="o">20251106</subfield>
  </datafield>
  <datafield tag="952" ind1=" " ind2=" ">
    <subfield code="1">0</subfield>
    <subfield code="2">udc</subfield>
    <subfield code="4">0</subfield>
    <subfield code="0"></subfield>
  </datafield>
  <datafield tag="998" ind1=" " ind2=" ">
    <subfield code="a">003697889</subfield>
  </datafield>
  <datafield tag="910" ind1=" " ind2=" ">
    <subfield code="a">ABG508</subfield>
  </datafield>
  <datafield tag="044" ind1=" " ind2=" ">
    <subfield code="a">xr</subfield>
  </datafield>
  <datafield tag="993" ind1=" " ind2=" ">
    <subfield code="a">280.00</subfield>
    <subfield code="h">469.00</subfield>
    <subfield code="i">Team Business</subfield>
    <subfield code="d">2026-05-12</subfield>
    <subfield code="x">1076848</subfield>
  </datafield>
  <datafield tag="999" ind1=" " ind2=" ">
    <subfield code="c">34267</subfield>
    <subfield code="d">34267</subfield>
  </datafield>
</record>
